Financial Management (Record no. 3345)

MARC details
000 -LEADER
fixed length control field 00418nam a22001817a 4500
005 - DATE AND TIME OF LATEST TRANSACTION
control field 20180703163955.0
008 - FIXED-LENGTH DATA ELEMENTS--GENERAL INFORMATION
fixed length control field 160621b xxu||||| |||| 00| 0 eng d
020 ## - INTERNATIONAL STANDARD BOOK NUMBER
ISBN 978-0-07-065665-9
041 ## - LANGUAGE CODE
Language code of text/sound track or separate title eng
082 ## - DEWEY DECIMAL CLASSIFICATION NUMBER
Item number 8662
Classification number 658.15
100 ## - MAIN ENTRY--AUTHOR NAME
Personal name Chandra, Prasanna
245 ## - TITLE STATEMENT
Title Financial Management
250 ## - EDITION STATEMENT
Edition statement 7th ed
260 ## - PUBLICATION, DISTRIBUTION, ETC. (IMPRINT)
Name of publisher TMH
Year of publication 2008
300 ## - PHYSICAL DESCRIPTION
Number of Pages 1080p,
650 ## - SUBJECT ADDED ENTRY--TOPICAL TERM
Topical Term Management
942 ## - ADDED ENTRY ELEMENTS (KOHA)
Koha item type Books
Holdings
Lost status Damaged status Collection code Home library Shelving location Date acquired Full call number Accession Number Koha item type Current library
    MANAGEMENT JRU Library SHELF-59-J 21/06/2016 658.15 8662 Books  
    MANAGEMENT JRU Library SHELF-59-J 21/06/2016 658.15 8663 Books  
    MANAGEMENT JRU Library SHELF-59-J 21/06/2016 658.15 8664 Books  
    MANAGEMENT JRU Library   21/06/2016 658.15 8665 Books JRU Library
    MANAGEMENT JRU Library SHELF-59-K 21/06/2016 658.15 8666 Books  
    MANAGEMENT JRU Library SHELF-59-J 21/06/2016 658.15 8667 Books  
    MANAGEMENT JRU Library   21/06/2016 658.15 8668 Books JRU Library
    MANAGEMENT JRU Library SHELF-40-A 21/06/2016 658.15 8669 Books JRU Library
    MANAGEMENT JRU Library SHELF-59-J 21/06/2016 658.15 8670 Books  
    MANAGEMENT JRU Library SHELF-59-K 21/06/2016 658.15 8671 Books  
    MANAGEMENT JRU Library SHELF-59-I 21/06/2016 658.15 8672 Books